| 000 | 01609cam a22002054a 4500 | ||
|---|---|---|---|
| 005 | 20250605164106.0 | ||
| 008 | 250528s ||||||||||||||||||||||||d | ||
| 035 | _a17747 | ||
| 020 | _a9789605244095 | ||
| 040 |
_aGR-AtMCL _bgre _dGR-AtMCL _eAACR2 |
||
| 245 | 1 | _aΜίλα μου για Γλώσσα / Μικρή Εισαγωγή στη Γλωσσολογία | |
| 250 | _a2η | ||
| 260 |
_bΠανεπιστημιακές Εκδόσεις Κρήτης, _c2017 |
||
| 300 | _a272 | ||
| 520 | _aΤο παρόν βιβλίο απευθύνεται στον μέσο αναγνώστη επιχειρώντας να δείξει πώς η σύγχρονη γλωσσολογία μπορεί να προσφέρει απαντήσεις σε κοινές απορίες και προβληματισμούς γύρω από τη γλώσσα εν γένει και την Ελληνική γλώσσα ειδικότερα. Πρόλογος, Λέξεις και Γραμματική, Γλωσσολογία, Γλωσσική Ανάπτυξη, Γλωσσική Αλλαγή, Γλωσσική Ποικιλία και Γλωσσικές Ποικιλίες, Γλώσσα και Νόηση, Γλωσσικά Προβλήματα, Ελληνική Γλώσσα και Ελληνική Γραφή, Γλώσσα και Επικοινωνία, Πίνακας Πρώτων Δημοσιεύσεων, Γλωσσάριο Όρων, Βασική Βιβλιογραφία ανά Θεματική Ενότητα. | ||
| 700 | 1 |
_aΠαναγιωτίδης Φοίβος _93950 |
|
| 942 | _cBK | ||
| 999 |
_c3148 _d3148 |
||